Ariana Afghan Airlines Destinations - Statistics

General Stats
  • This quiz has been taken 33 times
  • The average score is 7 of 12
Answer Stats
Country Destination % Correct
United Arab Emirates Dubai
91%
Pakistan Islamabad
86%
Afghanistan Kabul
86%
Saudi Arabia Jeddah
77%
Russia Moscow
77%
Saudi Arabia Riyadh
77%
India New Delhi
55%
China Ürümqi
41%
Afghanistan Herat
36%
Afghanistan Kandahar
27%
Iran Masshad
23%
Afghanistan Mazar-e-Sharif
14%
No matching quizzes found
Score Distribution
Percent of People with Each Score
Percentile by Number Answered
Your Score History
You have not taken this quiz